| 000 | 02324nam0a2200349 4500 | ||
|---|---|---|---|
| 001 | RU\NLR\bibl\537887 | ||
| 005 | 20260405074652.0 | ||
| 021 |
_aRU _b2004-33155 _91665 |
||
| 035 | _a(NLR Aleph) 000530146 | ||
| 090 |
_a1347874 _c1347874 |
||
| 100 | _a20040708d2004 |||y0rusy50 ca | ||
| 101 | 0 | _arus | |
| 102 | _aRU | ||
| 105 | _aa ||||||||| | ||
| 200 | 1 |
_aЭффективность автоматического управления самолетом в турбулентной атмосфере _eУчеб. пособие для студентов вузов, обучающихся по специальности 130100 - "Самолето- и вертолетостроение" _fВ.И. Пентюхов, А.П. Будник, Е.В. Мищенко, А.М. Чашников _g[Науч. ред. к.т.н., доц. Е.Н. Некравцев] _gМ-во образования Рос. Федерации, Воронеж. гос. техн. ун-т |
|
| 210 |
_aВоронеж _cВоронеж. гос. техн. ун-т _d2004 |
||
| 215 |
_a166 с. _cил. _d21 |
||
| 320 | _aБиблиогр.: с. 159-164 (62 назв.) | ||
| 606 | 0 |
_aСамолеты _jРуководства, пособия и т.п. для высшей школы _xПолет в болтанку _xАвтоматическое управление _92341929 _3RU\NLR\auth\661399780 |
|
| 606 | 0 |
_aСамолеты _jУчебные издания для высших учебных заведений _xПолет в болтанку _xАвтоматическое управление _92341929 _3RU\NLR\auth\661399780 |
|
| 686 | _aО53-082.022.93-05я73-1 | ||
| 701 | 1 |
_aПентюхов _bВ. И. _gВладимир Иванович _4070 |
|
| 701 | 1 |
_4070 _8rus _7ca _aБудник _bА.П. _f1943- _cканд. техн. наук, авиастроение _gАлександр Павлович _3RU\NLR\AUTH\7726411 _99452 |
|
| 701 | 1 |
_aМищенко _bЕ. В. _gЕкатерина Васильевна _4070 |
|
| 701 | 1 |
_aЧашников _bА. М. _gАлександр Михайлович _4070 |
|
| 702 | 1 |
_4070 _8rus _7ca _aНекравцев _bЕ. Н. _gЕвгений Николаевич _3RU\NLR\auth\7720594 _93662 |
|
| 801 | 0 |
_aRU _bNLR _c20040708 _gPSBO |
|
| 801 | 1 |
_aRU _bNLR _c20040708 |
|
| 942 | _cBOOK | ||
| 980 | _aNB | ||
| 980 | _aNBR | ||